000
00208nam a22000857a 4500
008
161201b xxu||||| |||| 00| 0 eng d
100
_9
1699
_a
KumarA.G
245
_a
Feet problems
260
_a
New Delhi
_b
N.D CBT
_c
2007
999
_c
4412
_d
4412